The rest of God : (Record no. 7258)

MARC details
000 -LEADER
fixed length control field 00819nam a2200265Ka 4500
001 - CONTROL NUMBER
control field 85858985
003 - CONTROL NUMBER IDENTIFIER
control field OCoLC
005 - DATE AND TIME OF LATEST TRANSACTION
control field 20190205100640.0
008 - FIXED-LENGTH DATA ELEMENTS--GENERAL INFORMATION
fixed length control field 070315s2006 tnu b 000 0 eng
020 ## - INTERNATIONAL STANDARD BOOK NUMBER
International Standard Book Number 0849918707
020 ## - INTERNATIONAL STANDARD BOOK NUMBER
International Standard Book Number 9780849918704
035 ## - SYSTEM CONTROL NUMBER
System control number (OCoLC)85858985
040 ## - CATALOGING SOURCE
Original cataloging agency GOY
Transcribing agency GOY
Modifying agency BAKER
-- ATH
082 ## - DEWEY DECIMAL CLASSIFICATION NUMBER
Classification number 263.2
Item number B918R
090 ## - LOCALLY ASSIGNED LC-TYPE CALL NUMBER (OCLC); LOCAL CALL NUMBER (RLIN)
Classification number (OCLC) (R) ; Classification number, CALL (RLIN) (NR) BV4597.55
Local cutter number (OCLC) ; Book number/undivided call number, CALL (RLIN) .B83 2006a
090 ## - LOCALLY ASSIGNED LC-TYPE CALL NUMBER (OCLC); LOCAL CALL NUMBER (RLIN)
Classification number (OCLC) (R) ; Classification number, CALL (RLIN) (NR) BV4597.55
Local cutter number (OCLC) ; Book number/undivided call number, CALL (RLIN) .B83 2006a
100 1# - MAIN ENTRY--PERSONAL NAME
Personal name Buchanan, Mark
Fuller form of name (Mark Aldham)
245 14 - TITLE STATEMENT
Title The rest of God :
Remainder of title restoring your soul by restoring Sabbath /
Statement of responsibility, etc. Mark Buchanan.
260 ## - PUBLICATION, DISTRIBUTION, ETC.
Place of publication, distribution, etc. Nashville, Tenn. :
Name of publisher, distributor, etc. Thomas Nelson,
Date of publication, distribution, etc. c2006.
300 ## - PHYSICAL DESCRIPTION
Extent xvi, 223, [1] p. ;
Dimensions 21 cm.
504 ## - BIBLIOGRAPHY, ETC. NOTE
Bibliography, etc. note Includes bibliographical references (p. 221-[224]).
650 #0 - SUBJECT ADDED ENTRY--TOPICAL TERM
Topical term or geographic name entry element Rest
General subdivision Religious aspects
-- Christianity.
650 #0 - SUBJECT ADDED ENTRY--TOPICAL TERM
Topical term or geographic name entry element Sabbath.
942 ## - ADDED ENTRY ELEMENTS (KOHA)
Source of classification or shelving scheme Dewey Decimal Classification
Koha item type Books
Holdings
Withdrawn status Lost status Source of classification or shelving scheme Damaged status Not for loan Collection code Home library Current library Shelving location Date acquired Cost, normal purchase price Total Checkouts Full call number Barcode Date last seen Price effective from Koha item type
    Dewey Decimal Classification     Non-fiction Harvest Mission College Harvest Mission College General Stacks 05.02.2019 1350.00   263.2 B918R 008262 05.02.2019 05.02.2019 Books
    Dewey Decimal Classification     Non-fiction Harvest Mission College Harvest Mission College General Stacks 18.01.2021     263.2 B918R 010578 18.01.2021 18.01.2021 Books

OPAC Designed and Maintained by HMC Library Team.
Copyright © HMC Library,Greater Noida, UP.
For any Suggestions/Query Contact library via Email:libhmc@gmail.com